Neural Machine Translation for Effective Multilingual Search

Na minha lista:
Detalhes bibliográficos
Autor principal: Košík, Roman (Author)
Outros Autores: Baťalík, Pavol (Thesis advisor)
Formato: Manuscrito Livro
Idioma:eslovaco
inglês
Publicado em: 2025
Assuntos:
Acesso em linha:http://is.stuba.sk/zp/portal_zp.pl?podrobnosti=175299
Tags: Adicionar Tag
Sem tags, seja o primeiro a adicionar uma tag!

MARC

LEADER 00000ntm a22000003a 4500
001 stuzp102804
003 SK-STU
005 20250614211424.9
007 ta
008 150427s2015----xo-----f-mn---000-0-slo-d
040 |a STU  |b slo 
041 0 |a eng 
100 1 |a Košík, Roman  |u 070200  |4 aut  |U FIIT Fakulta informatiky a informačných technológií  |T FIIT Ústav informatiky, informačných systémov a softvérového inžinierstva  |X 120822  |U I200  |Y 179  |7 120822 
242 0 1 |a Neurónový preklad pre efektívne viacjazyčné vyhľadávanie  |y slo 
245 1 0 |a Neural Machine Translation for Effective Multilingual Search 
260 |c 2025 
650 4 |a Multilingual Search  |2 eng 
650 4 |a Neural Machine Translation  |2 eng 
650 4 |a Large Language Models  |2 eng 
650 4 |a Semantic Search  |2 eng 
650 4 |a Sémantické vyhľadávanie  |2 slo 
650 4 |a Viacjazyčné vyhľadávanie  |2 slo 
650 4 |a Neurónový strojový preklad  |2 slo 
650 4 |a Veľké jazykové modely  |2 slo 
700 1 |a Baťalík, Pavol  |u 070680  |k Z7  |4 ths  |U FIIT Fakulta informatiky a informačných technológií  |T FIIT Slovenská informačná knižnica  |X 110283  |U 070680  |Y 273  |7 110283 
856 4 |u http://is.stuba.sk/zp/portal_zp.pl?podrobnosti=175299